000 004830000a22001570004500
090 _aAR
_b00235
245 1 0 _aKurse Mitteilungen: bemerkungen über die Häu tung der Brückenechse (<Sphenodon punctatus>) in Gefangenschaft
650 1 4 _aFauna
_992594
650 1 4 _aReptiles
_992767
650 1 4 _aBiología
_992
653 _gSphenodom
_eSphenodom punctatus
041 0 _aAlemán
100 1 _aMertens, Robert
_993053
942 _cARTICULO
773 1 _tSalamandra
_388
_h2
_q81-86
_d1971
_g7
999 _c9335
_d9335